000 00338nam a2200133Ia 4500
008 151001s9999||||xx |||||||||||||| ||und||
100 _aमीना - प्रभू
245 _aचिनीमाती
250 _a1
260 _bपुणे प्रकाशन
260 _c20033
300 _a163
365 _b28
999 _c981221
_d981218